Powieści poetyckie. (Record no. 16911)

MARC details
000 -LEADER
fixed length control field 00915cam a22002531 4500
001 - CONTROL NUMBER
control field ca 32000258
003 - CONTROL NUMBER IDENTIFIER
control field DLC
005 - DATE AND TIME OF LATEST TRANSACTION
control field 20260227111126.0
008 - FIXED-LENGTH DATA ELEMENTS--GENERAL INFORMATION
fixed length control field 780814s1921 pl b 000 0 pol
010 ## - LIBRARY OF CONGRESS CONTROL NUMBER
LC control number ca 32000258
035 ## - SYSTEM CONTROL NUMBER
System control number (OCoLC)4139249
040 ## - CATALOGING SOURCE
Original cataloging agency DLC
Transcribing agency ICIU
Modifying agency ICIU
-- DLC
042 ## - AUTHENTICATION CODE
Authentication code premarc
050 00 - LIBRARY OF CONGRESS CALL NUMBER
Classification number PG7158.S6
Item number P6
100 1# - MAIN ENTRY--PERSONAL NAME
Personal name Słowacki, Juliusz,
Dates associated with a name 1809-1849.
245 10 - TITLE STATEMENT
Title Powieści poetyckie.
Statement of responsibility, etc. Opracował Manfred Kridl.
260 ## - PUBLICATION, DISTRIBUTION, ETC.
Place of publication, distribution, etc. Kraków,
Name of publisher, distributor, etc. Nakładem Krakowskiej Spółki Wydawniczej
Date of publication, distribution, etc. [1921?]
300 ## - PHYSICAL DESCRIPTION
Extent xlii, 233 p.
Dimensions 18 cm.
490 0# - SERIES STATEMENT
Series statement Bibljoteka narodowa. Seria I,
Volume/sequential designation nr. 47
500 ## - GENERAL NOTE
General note At head of title: Juljusz Słowacki.
504 ## - BIBLIOGRAPHY, ETC. NOTE
Bibliography, etc. note Bibliography: p. xli-xlii.
505 0# - FORMATTED CONTENTS NOTE
Formatted contents note Szanfary.--Hugo.--Do Michała Rola Skibickiego.--Mnich.--Jan Bielecki.--Arab.--Żmija.--Przedmowa do III tomu Poezyj.--Lambro.--Godzina myśli.
700 1# - ADDED ENTRY--PERSONAL NAME
Personal name Kridl, Manfred,
Dates associated with a name 1882-1957,
Relator term ed.

No items available.

Powered by Koha